Parkinson's Disease Management Through ICT : The REMPARK Approach.

Parkinson's Disease Management through ICT: The REMPARK Approach presents the work done, main results and conclusions of the REMPARK project (2011 - 2015) funded by the European Union under contract FP7-ICT-2011-7-287677.

Bibliographic Details
Main Author: Cabestany, Joan.
Other Authors: Bayes, Angels.
Format: eBook
Language:English
Published: Milton : River Publishers, 2017.
Edition:1st ed.
Subjects:
Online Access:Click to View
LEADER 01690nam a22003733i 4500
001 EBC7244917
003 MiAaPQ
005 20231204023228.0
006 m o d |
007 cr cnu||||||||
008 231204s2017 xx o ||||0 eng d
020 |a 9781000796889  |q (electronic bk.) 
020 |z 9788793519466 
035 |a (MiAaPQ)EBC7244917 
035 |a (Au-PeEL)EBL7244917 
035 |a (OCoLC)1378935074 
040 |a MiAaPQ  |b eng  |e rda  |e pn  |c MiAaPQ  |d MiAaPQ 
100 1 |a Cabestany, Joan. 
245 1 0 |a Parkinson's Disease Management Through ICT :  |b The REMPARK Approach. 
250 |a 1st ed. 
264 1 |a Milton :  |b River Publishers,  |c 2017. 
264 4 |c Ã2017. 
300 |a 1 online resource (249 pages) 
336 |a text  |b txt  |2 rdacontent 
337 |a computer  |b c  |2 rdamedia 
338 |a online resource  |b cr  |2 rdacarrier 
520 |a Parkinson's Disease Management through ICT: The REMPARK Approach presents the work done, main results and conclusions of the REMPARK project (2011 - 2015) funded by the European Union under contract FP7-ICT-2011-7-287677. 
588 |a Description based on publisher supplied metadata and other sources. 
590 |a Electronic reproduction. Ann Arbor, Michigan : ProQuest Ebook Central, 2023. Available via World Wide Web. Access may be limited to ProQuest Ebook Central affiliated libraries.  
655 4 |a Electronic books. 
700 1 |a Bayes, Angels. 
776 0 8 |i Print version:  |a Cabestany, Joan  |t Parkinson's Disease Management Through ICT  |d Milton : River Publishers,c2017  |z 9788793519466 
797 2 |a ProQuest (Firm) 
856 4 0 |u https://ebookcentral.proquest.com/lib/matrademy/detail.action?docID=7244917  |z Click to View